Cơ sở sinh học phân tử
Nội dung quyển sách giới thiệu về các loại tế bào prokaryrote, eukaryote và các đại phân tử; cấu trúc chức năng của protein và phương pháp phân tích chúng; Thảo luận về cấu trúc và động thái của ADN trong quá trình hoạt động. Ngoài ra bản chấ...
Αποθηκεύτηκε σε:
| Κύριος συγγραφέας: | |
|---|---|
| Μορφή: | Βιβλίο |
| Γλώσσα: | Undetermined |
| Έκδοση: |
Hà Nội
Giáo dục
2008
|
| Θέματα: | |
| Ετικέτες: |
Προσθήκη ετικέτας
Δεν υπάρχουν, Καταχωρήστε ετικέτα πρώτοι!
|
| Thư viện lưu trữ: | Trung tâm Học liệu Trường Đại học Cần Thơ |
|---|
| LEADER | 01265nam a2200241Ia 4500 | ||
|---|---|---|---|
| 001 | CTU_135478 | ||
| 008 | 210402s9999 xx 000 0 und d | ||
| 020 | |c 39000 | ||
| 082 | |a 572.8 | ||
| 082 | |b Th107 | ||
| 100 | |a Lê, Duy Thành | ||
| 245 | 0 | |a Cơ sở sinh học phân tử | |
| 245 | 0 | |c Lê Duy Thành chủ biên | |
| 260 | |a Hà Nội | ||
| 260 | |b Giáo dục | ||
| 260 | |c 2008 | ||
| 520 | |a Nội dung quyển sách giới thiệu về các loại tế bào prokaryrote, eukaryote và các đại phân tử; cấu trúc chức năng của protein và phương pháp phân tích chúng; Thảo luận về cấu trúc và động thái của ADN trong quá trình hoạt động. Ngoài ra bản chất của gen cũng được đề cập đến; Các nguyên lý về mặt lý thuyết và nguyên tắc của các kỹ thuật cơ bản trong thao tác ADN.... | ||
| 526 | |a Công nghệ Gen và tế bào | ||
| 526 | |b SP550 | ||
| 650 | |a Trung tâm Học liệu ĐH Cần Thơ,molecular biology,Biochemistry | ||
| 650 | |x Sinh học phân tử | ||
| 904 | |i Năm | ||
| 980 | |a Trung tâm Học liệu Trường Đại học Cần Thơ | ||